000 00420nam a2200181Ia 4500
001 2208
005 20260306143825.0
008 260306t2020||||xx |||||||||||||| ||spa||
041 _aESP
082 _a616.07
_bR91
100 _aRubin, Emanuel
_eAUT
245 0 _aPrincipios de patología
260 _c2020
300 _axiii, 938 páginas :
_c28 cm.
650 _aGEN
654 _aCPS
942 _cLIB
_dJUS
_fJUS
_2ddc
_n
999 _c2208
_d2208